South Park Characters-Hard Mode - Statistics

General Stats
  • This quiz has been taken 1,222 times
    765 since last reset
  • The average score is 55 of 185
Answer Stats
Answer % Correct
Eric Cartmen
100%
Kenny Mccormick
100%
Kyle Broflovski
100%
Stan Marsh
100%
Liane Cartmen
99%
Randy Marsh
98%
Ike Broflovski
94%
Sharon Marsh
94%
Shelly Marsh
94%
Wendy Testaburger
89%
Gerald Broflovski
88%
Sheila Broflovski
87%
Butters Stotch
85%
Tolkien Black
84%
Bebe Stevens
81%
Craig Tucker
81%
Carol Mccormick
80%
Karen Mccormick
80%
Lorde
80%
Stuart Mccormick
80%
Mr. Garrison
79%
Clyde Donovan
77%
Grandpa Marsh
77%
Chef
75%
Jimmy Valmer
75%
Kevin Mccormick
75%
Tweek Tweak
75%
Timmy Burch
74%
Mr. Mackey
71%
P.C. Principal
63%
Principal Victoria
59%
Linda Stotch
58%
Big Gay Al
57%
Jimbo Kern
57%
Steven Stotch
54%
Satan
52%
Jesus
51%
Ned Gerblanski
50%
Pi Pi
49%
Red Mcarthur
49%
Mr. Slave
48%
Linda Black
46%
Mrs. Stevens
46%
Towelie
46%
Mr. Stevens
45%
Steve Black
45%
Mrs. Testaburger
44%
Mr. Testaburger
44%
Scott Tenorman
44%
Mrs. Tweak
43%
Officer Barbrady
43%
Pip Pirrup
43%
Richard Tweak
43%
Thomas Tucker
43%
Laura Tucker
42%
Phillip
42%
Betsy Donovan
41%
Terrance
41%
Mr. Hankey
39%
Roger Donovan
39%
Strong Woman
39%
Heidi Turner
38%
Kevin Stoley
38%
Ryan Valmer
38%
Sarah Valmer
38%
Kevin
36%
Mr. Hat
35%
Saddam Hussein
35%
Ms. Choksondik
34%
Helen Burch
33%
Richard Burch
33%
Scott Malkinson
33%
Jack Tenorman
31%
Michael
31%
Santa
29%
Sea Man
29%
Starvin Marvin
29%
Tom Cruise
29%
Veronica Crabtree
29%
God
28%
Al Gore
25%
Mrs. Tenorman
25%
Henrietta Biggle
23%
Jason White
23%
Nathan
23%
Tuong Lu Kim
23%
Kanye West
22%
Manbearpig
22%
Mr. Turner
22%
Nancy Turner
22%
Nichole Daniels
22%
Mimsy
21%
Sally Turner
21%
Annie Bartlett
20%
Dog Poo
20%
Mayor McDaniels
19%
Paris Hilton
19%
Firkle Smith
18%
Kyle Schwartz
18%
Bradley Biggle
17%
Dr. Alphonse Mephesto
17%
Mrs. White
16%
Bob White
15%
Clark Malkinson
15%
Crystal White
15%
Ellen Malkinson
15%
Father Maxi
15%
Mickey Mouse
15%
Barbara Streisand
14%
Harriet Biggle
14%
Mr. Adler
14%
Mr. Biggle
14%
Lemmiwinks
13%
Skeeter
13%
Micheal Jackson
12%
Harrison Yates
11%
Lisa Burger
11%
Mrs. Nelson
11%
P.C. Babies
11%
Britney Spears
10%
Jennifer Lopez
9%
Nelly
9%
Patty Nelson
9%
Peter Nelson
9%
Pete Thelman
9%
Nurse Gollum
8%
Crab People
7%
Dougie O’Connell
7%
Dr. Doctor
7%
Mel Gibson
7%
Rick
7%
Darryl Weathers
6%
David Rodriguez
6%
Francis
6%
Jenny Simons
6%
Katherine and Katie Queef
6%
Ben Affleck
5%
Elon Musk
5%
Kaitlyn Jenner
5%
Leslie Meyers
5%
Wikileaks
5%
Christmas Critters
4%
Cthulu
4%
Fosse
4%
John Travolta
4%
Larry
4%
Millie Larsen
4%
Scuzzlebutt
4%
The Jonas Brothers
4%
Bill Denkins
3%
Classi
3%
George Lucas
3%
Jeff Bezos
3%
Loogie
3%
Mark Cotswolds
3%
Mark Zuckerburg
3%
Morgan Freeman
3%
Mr. Service
3%
Rebecca Cotswolds
3%
Snooki
3%
Sophie Gray
3%
Allison Mertz
2%
Aslan
2%
Chip Duncan
2%
Dildo Swaggins
2%
Gordon Stoltski
2%
Josh Carter
2%
Larry Feegan
2%
Marcus Preston
2%
Mayor of Imagination Land
2%
Meagan Ridley
2%
Mike Makowski
2%
Mitch Conners
2%
Mr. Cotswolds
2%
Mr. Preston
2%
Mrs. Cotswolds
2%
Mrs. Striebel
2%
Nelson Brown
2%
Pearl
2%
Steven Spielburg
2%
Demonius
1%
Kelly Gardener
1%
Micheal Deets
1%
Ryan Ellis
1%
Sue Preston
1%
No matching quizzes found
Score Distribution
Percent of People with Each Score
Percentile by Number Answered
Your Score History
You have not taken this quiz since the last reset